000 00360nam a2200157 i 4500
001 bg
245 0 _aTablice stali jakościowych.
250 _aWyd.4 popr. i uzup.
260 _aKatowice :
_b"Śląsk",
_c1966.
650 9 _aStal
655 _aTablice i wzory
040 _cBPK
041 _apol
942 _cKS
008 s pl f |000 0 pol
999 _c4979
_d4979
856 _uhttp://koha.tu.koszalin.pl/cgi-bin/koha/opac-detail.pl?biblionumber=4979
_yKatalog online BPK